Elenca la formazione - Quiz n°271 - Statistics

Statistiche generali
  • Questo quiz è stato fatto 31 volte
  • Il punteggio medio è 8 su 11
Statistiche sulle risposte
Ruolo Club dell'epoca Calciatore % Corretto
Portiere Roma Alisson
93%
Attaccante Paris Saint-Germain Neymar
87%
Difensore Paris Saint-Germain Thiago Silva
87%
Attaccante Manchester City Gabriel Jesus
77%
Difensore Real Madrid Marcelo
77%
Centrocampista Manchester City Fernandinho
73%
Difensore Inter Miranda
70%
Attaccante Chelsea Willian
67%
Centrocampista Barcellona Philippe Coutinho
63%
Centrocampistae Guangzhou Evergrande Paulinho
50%
Difensore Corinthians Fagner
10%
Nessun quiz corrispondente trovato
Distribuzione punteggi
Percentuale di utenti per punteggio
Percentile per numero di risposta
I tuoi punteggi nel tempo
Non hai fatto questo quiz